000 00575nam a2200217 a 4500
999 _c1522
_d1522
007 ta
008 200107s ii a|||g |||| 00| 0 eng d
020 _cRs. 100.00
040 _aKO
_beng
041 0 _aeng
082 0 4 _223
_a623.82
_bF3911
100 1 _aFernandes, Edrich
245 1 0 _aShip Construction :
_bnotes for ship mates /
_cEdrich Fernandes
260 _aMumbai :
_bPro-Navigator Books ,
_c[201?]
300 _a77 p. :
_bill. ;
_c30 cm
490 0 _aProfessional Series ;
_v3
650 0 _aShipbuilding
_vTextbooks
904 _aA_BOSE
942 _cBK